| 000 | 00450nam a2200169 a 4500 | ||
|---|---|---|---|
| 001 | 5499 | ||
| 003 | CDMR | ||
| 005 | 20130514180730.0 | ||
| 008 | 130130s1981||||||||||||||||||||||||||||d | ||
| 020 | _a847516014X | ||
| 040 |
_aCDMR _bcat _cCPC GIRONA |
||
| 100 | 1 |
_91434 _aFaus Belau, Ángel |
|
| 245 | 1 | 0 |
_aLa radio _b: introducción a un medio desconocido _cÁngel Faus Belau |
| 260 |
_c1981 _bLatina _aMadrid |
||
| 650 | 0 | 4 |
_91722 _aRàdio |
| 942 |
_cMON _2udc |
||
| 999 |
_c5499 _d5499 |
||